000
00316nam a2200109Ia 4500
008
171211s9999 xx 000 0 und d
245
_a
High Definition: Zero Tolerance in Design and Production AD
245
_c
Bob Sheil
260
_c
2014
650
_x
Design
856
_u
http://down.ebook777.com/061/1118451856.pdf
999
_c
347927
_d
347927